Praktikum stomatologickej propedeutiky /

Uložené v:
Podrobná bibliografia
Hlavný autor: Martinko, Vladimír (Author)
Médium: Kniha
Jazyk:Slovak
Vydané: Bratislava : Univerzita Komenského, 1976.
Vydanie:2. preprac. vyd
Edícia:Vysokoškolské skriptá
ISBN: (brož.)
Fyzický popis: 161 s. : il.
Tagy: Pridať tag
Žiadne tagy, Buďte prvý kto otaguje tento záznam!

MARC

LEADER 00000nam a2200000 a 4500
001 000218321
005 20121203104126.0
008 011216s1976 xo slo d
020 |a (brož.)  |c Kčs 10,50 
040 |a SVKKK  |b slo  |c SVKKK  |e AACR2 
041 0 |a slo 
044 |a xo  |c SK 
100 1 |a Martinko, Vladimír  |4 aut 
245 1 0 |a Praktikum stomatologickej propedeutiky /  |c Vladimír Martinko. 
250 |a 2. preprac. vyd 
260 |a Bratislava :  |b Univerzita Komenského,  |c 1976. 
300 |a 161 s. :  |b il. 
490 1 |a Vysokoškolské skriptá 
500 |a Univerzita Komenského v Bratislave, Lekárska fakulta 
504 |a Bibliografia 
910 |a svkkk 
998 |a BK 
090 |g SCKHL  |k Sklad Pribinova 3. posch.  |a V.97133  |j 545515  |i 2720138326  |s Absenčne